00996nam a2200253 a 450000100100000000500170001000800410002702000150006804000250008308200150010810000270012324000770015024500780022726000590030530000250036449000140038950000450040350000300044853400870047870000380056504900090060395201130061299900170072500002185420200930011457.0100913s1953 mx a r 000 | spa d a968299523x aDO-SdBNPbspacBNPHU axxxbW746c1 aWilson, John A.945374 0aThe burden of of. Egypt. An interpretation of ancient culturelespañol10aLa cultura Egipcia /cJohn A. Wilson; traducción, Florentino M. Torner. aMéxico D. F. :bFondo de Cultura Económica,c1953. a483 p. :bil. ;c17. aBrevarios aEsta es la 9a reimpresión de la 1a ed. aIncluye índice de mapas aTítulo original :tThe burden of of. Egypt. An interpretation of ancient culture1 aTorner, Florentino M.etr.945375 aBNGR 001050718MOaGRbGRcCTd2010-09-13iLF1l0oxxx W746cp21854-10r2020-06-25w2020-06-25y1ZNo se presta c21352d21352